| 000 | 01426cam a22004333 4500 | ||
|---|---|---|---|
| 003 | OSt | ||
| 005 | 20140310184527.0 | ||
| 008 | 051026s2005 nyu 000 1 eng | ||
| 020 | _a9780439182973 | ||
| 020 | _a0439182972 | ||
| 040 |
_aDLC _cDLC _dDLC |
||
| 050 | 0 | 0 |
_aPZ 7 _b.Ab131In 2000 |
| 100 | 1 |
_aAbbott, Tony, _d1952- _94551 |
|
| 245 | 1 | 4 |
_aInto the land of the lost / _cTony Abbott. |
| 260 |
_aNew York : _bScholastic Inc., _c2000. |
||
| 300 |
_a95 p. : _bill. ; _c19 cm. |
||
| 440 |
_aThe Secrets of Droon _94552 |
||
| 521 | _aG2 | ||
| 526 | _c390 | ||
| 650 |
_aFantasy _xFiction. _94553 |
||
| 655 | 7 |
_aChildren's stories. _2lcsh _93012 |
|
| 655 | 7 |
_aFantasy fiction. _2gsafd _93053 |
|
| 710 | 2 |
_aCopyright Paperback Collection (Library of Congress) _5DLC _9705 |
|
| 830 |
_aThe Knights of Silversnow _94554 |
||
| 830 |
_aThe sleeping of Giant of Goll _94559 |
||
| 830 |
_aThe Golden Wasp _94557 |
||
| 830 |
_aThe Hawk Bandits of Tarkoom _94555 |
||
| 830 |
_aQuest for the Queen _94556 |
||
| 830 |
_aThe Golden Wasp _94557 |
||
| 830 |
_aInto the land of the lost _94558 |
||
| 830 |
_aThe sleeping of Giant of Goll _94559 |
||
| 830 |
_aThe Great Ice Battle _94560 |
||
| 830 |
_aCity in the clouds _94561 |
||
| 830 |
_aThe Mysterious Island _94562 |
||
| 906 |
_a7 _bcbc _corignew _d2 _encip _f20 _gy-genrareb |
||
| 942 |
_2lcc _cBK-SCHOLAS |
||
| 999 |
_c35162 _d35162 |
||